| 000 | 00856nam a2200241 i 4500 | ||
|---|---|---|---|
| 001 | bgj | ||
| 100 | 1 | _aLOCK, Graham | |
| 245 | 1 | 0 |
_aFunctional English grammar : _ban introduction for second language teachers / _cGraham Lock. |
| 260 |
_aCambridge [etc.] : _bCambridge University Press, _c1996. |
||
| 300 |
_aXIII, 296 pp : _bfig. ; _c23 cm. |
||
| 490 | 1 | _aCambridge language education / Jack. C. Richards, series ed. | |
| 504 | _aBibliography p. 284-288. | ||
| 505 | _aIncludes index. | ||
| 650 | 9 |
_aEnglish language _xGrammar _xStudy and teaching _xForeign speakers |
|
| 650 | 9 | _aFunctionalism (Linguistic) | |
| 830 | 0 | _aCambridge language education (Jack. C. Richards, series ed.) | |
| 020 | _a0521459222 (pbk) | ||
| 040 | _cBPK | ||
| 041 | 0 | _aeng | |
| 920 | _a0-521-45922-2 (pbk) | ||
| 942 | _cKS | ||
| 008 | s uk f |000 0 eng | ||
| 999 |
_c48161 _d48161 |
||
| 856 |
_uhttp://koha.tu.koszalin.pl/cgi-bin/koha/opac-detail.pl?biblionumber=48161 _yKatalog online BPK |
||